Financiamiento y el desarrollo económico (Registro nro. 18414)

Detalles MARC
000 -LEADER
fixed length control field 00366 a2200109 4500
001 - CONTROL NUMBER
control field ART_42768
005 - DATE AND TIME OF LATEST TRANSACTION
control field 20260410161737.0
008 - FIXED-LENGTH DATA ELEMENTS--GENERAL INFORMATION
fixed length control field 260409a
100 1# - MAIN ENTRY--PERSONAL NAME
Personal name Wajchman, Mauricio
245 10 - TITLE STATEMENT
Title Financiamiento y el desarrollo económico
773 0# - HOST ITEM ENTRY
Title Ejecutivos de finanzas
Related parts Financiamiento para el desarrollo - Año 13, Nº 134 (abr. 1997)
Record control number REV2863

No hay ítems disponibles.